Eastern Utah Libraries Catalog: Duchesne, Heber, Roosevelt, & Vernal

Trust her / (Record no. 398129)

MARC details
000 -LEADER
fixed length control field 02364nam a2200409 i 4500
001 - CONTROL NUMBER
control field in503271588
003 - CONTROL NUMBER IDENTIFIER
control field Ingram
005 - DATE AND TIME OF LATEST TRANSACTION
control field 20240702151831.0
008 - FIXED-LENGTH DATA ELEMENTS--GENERAL INFORMATION
fixed length control field 240104s2024 nyu d 000 1 eng d
020 ## - INTERNATIONAL STANDARD BOOK NUMBER
International Standard Book Number 9780593915424
Qualifying information (paperback ;
-- large print)
035 ## - SYSTEM CONTROL NUMBER
System control number (OCoLC)1432744951
040 ## - CATALOGING SOURCE
Original cataloging agency TnLvILS
Language of cataloging eng
Description conventions rda
Transcribing agency TnLvILS
Modifying agency TnLvILS
043 ## - GEOGRAPHIC AREA CODE
Geographic area code e-ie---
-- e-uk---
092 ## - LOCALLY ASSIGNED DEWEY CALL NUMBER (OCLC)
Classification number Large Print Fiction
Item number Berry
100 1# - MAIN ENTRY--PERSONAL NAME
Personal name Berry, Flynn,
Dates associated with a name 1986-
Relator term author.
9 (RLIN) 6489931
245 10 - TITLE STATEMENT
Title Trust her /
Statement of responsibility, etc Flynn Berry.
250 ## - EDITION STATEMENT
Edition statement First large print edition.
264 #1 - Production, Publication, Distribution, Manufacture, and Copyright Notice.
Place of production, publication, distribution, manufacture [New York] :
Name of producer, publisher, distributor, manufacturer Random House Large Print,
Date of production, publication, distribution, manufacture, or copyr [2024]
264 #4 - Production, Publication, Distribution, Manufacture, and Copyright Notice.
Date of production, publication, distribution, manufacture, or copyr ©2024.
300 ## - PHYSICAL DESCRIPTION
Extent 384 pages (large print) ;
Dimensions 23 cm.
336 ## - Content Type
Content type term text
337 ## - Media type
Media type term unmediated
338 ## - Carrier type
Carrier type term volume
500 ## - GENERAL NOTE
General note Sequel to: Northern spy.
520 ## - SUMMARY, ETC.
Summary, etc "Three years after they narrowly escaped the IRA's worst punishment for informing, Northern Irish sisters Tessa and Marian Daly have built a new life in Dublin with their young children. Though Tessa is haunted by the abrupt and violent end to her old life, she does her best to immerse herself in the joys of Finn's childhood and the rhythms of her new job at the Irish Times. It's a small island, though, and just as quickly as they disappeared, figures from the sisters' past surface to reentrench them in the conflict. Tessa is told she must track down her old handler from MI5, Eamonn, and attempt to turn him into an IRA informant, or lose everything. Tessa's reunion with Eamonn revives a host of feelings she has long attempted to bury. As their relationship intensifies and pressure from the local authorities and the IRA mounts, long-held secrets bubble to the surface, and Tessa must navigate a treacherous landscape of shifting loyalties, all while trying to protect the child she holds most dear"--
610 20 - SUBJECT ADDED ENTRY--CORPORATE NAME
Corporate name or jurisdiction name as entry element Irish Republican Army
Form subdivision Fiction.
9 (RLIN) 5722588
610 10 - SUBJECT ADDED ENTRY--CORPORATE NAME
Corporate name or jurisdiction name as entry element Great Britain.
Subordinate unit MI5
Form subdivision Fiction.
9 (RLIN) 6479797
650 #0 - SUBJECT ADDED ENTRY--TOPICAL TERM
Topical term or geographic name as entry element Sisters
Form subdivision Fiction.
9 (RLIN) 5674091
650 #0 - SUBJECT ADDED ENTRY--TOPICAL TERM
Topical term or geographic name as entry element Mother and child
Form subdivision Fiction.
9 (RLIN) 5691634
650 #0 - SUBJECT ADDED ENTRY--TOPICAL TERM
Topical term or geographic name as entry element Informers
Form subdivision Fiction.
9 (RLIN) 6401726
650 #0 - SUBJECT ADDED ENTRY--TOPICAL TERM
Topical term or geographic name as entry element Man-woman relationships
Form subdivision Fiction.
9 (RLIN) 5674079
650 #0 - SUBJECT ADDED ENTRY--TOPICAL TERM
Topical term or geographic name as entry element Large type books.
651 #0 - SUBJECT ADDED ENTRY--GEOGRAPHIC NAME
Geographic name Dublin (Ireland)
Form subdivision Fiction.
9 (RLIN) 5673788
655 #7 - INDEX TERM--GENRE/FORM
Genre/form data or focus term Thrillers (Fiction)
Source of term lcgft.
907 ## - LOCAL DATA ELEMENT G, LDG (RLIN)
a .b492200737
942 ## - ADDED ENTRY ELEMENTS (KOHA)
Source of classification or shelving scheme Dewey Decimal Classification
Koha item type BOOK
Holdings
Withdrawn status Lost status Source of classification or shelving scheme Damaged status Not for loan Collection code Home library Current library Shelving location Date acquired Source of acquisition Serial Enumeration / chronology Total Checkouts Total Renewals Full call number Barcode Date last seen Date checked out Cost, replacement price Price effective from Koha item type
    Dewey Decimal Classification     Large Print Wasatch County Library Wasatch County Library First Floor 07/02/2024 Micromarketing Northern spy #2 6 2 F Berry 34301002084426 01/28/2025 01/13/2025 32.00 07/02/2024 BOOK
This project was made possible through a grant from the Institute of Museum and Library Service administered by the Utah State Library Division.

Wasatch County Library

  • 465 East 1200 South, Heber City, Utah 84032
  • Phone 435-654-1511 | Fax 435-654-6456

Hours

  • Monday - Friday 9:30 AM - 8:00 PM
  • Saturday 9:30 AM - 1:30 PM
  • Closed Sundays and Holidays